Occurrence of a virulent strain of microcyclus ulei on Hevea rubber in Thailand (Record no. 64295)

MARC details
000 -LEADER
fixed length control field 00465nam a2200157Ia 4500
100 ## - MAIN ENTRY--AUTHOR NAME
Personal name Liyanage A De S
245 #0 - TITLE STATEMENT
Title Occurrence of a virulent strain of microcyclus ulei on Hevea rubber in Thailand
260 ## - PUBLICATION, DISTRIBUTION, ETC. (IMPRINT)
Name of publisher Journal of the Rubber Research Institute of Sri Lanka
Year of publication 1981
300 ## - PHYSICAL DESCRIPTION
Number of Pages 73-78
650 ## - SUBJECT ADDED ENTRY--TOPICAL TERM
Topical Term Hevea rubber
650 ## - SUBJECT ADDED ENTRY--TOPICAL TERM
Topical Term Microcyclus ulei
650 ## - SUBJECT ADDED ENTRY--TOPICAL TERM
Topical Term Thailand
700 ## - ADDED ENTRY--PERSONAL NAME
Personal name Chee K H
942 ## - ADDED ENTRY ELEMENTS (KOHA)
Koha item type Journals
Holdings
Withdrawn status Lost status Damaged status Not for loan Home library Current library Shelving location Date acquired Serial Enumeration / chronology Koha item type
      Journals RRII Library RRII Library Pathology 17/12/2021 Volume 58, Issue Journals